Technologické postupy : základní poznatky pro dělníky a pracovní kolektivy ve strojírenských dílnách a pomůcka ke školení a opakování /

Hlavní autor: Václavovič, Antonín, 1917-1974
Jazyk: Čeština
Vydáno: Praha : SNTL, 1962
Vydání: 1. vyd.
Edice: Kurs technických znalostí. Příruční učební texty
Témata:
Fyzický popis: 97 s. : il. ; 20 cm
Knihy
Uloženo v:
LEADER 01021nam a22002772a 4500
001 000343787
003 CZ BrMZK
005 20050301151903.0
007 ta
008 980115s1962 xr f cze d
015 |a cnb000689766 
035 |a (OCoLC)85470437 
040 |a BOA001  |b cze 
080 |a 62.007  |2 MRF 
100 1 |a Václavovič, Antonín,  |d 1917-1974  |7 jk01141051  |4 aut 
245 1 0 |a Technologické postupy :  |b základní poznatky pro dělníky a pracovní kolektivy ve strojírenských dílnách a pomůcka ke školení a opakování /  |c Antonín Václavovič 
250 |a 1. vyd. 
260 |a Praha :  |b SNTL,  |c 1962 
300 |a 97 s. :  |b il. ;  |c 20 cm 
490 1 |a Kurs technických znalostí. Příruční učební texty ;  |v sv. 31 
653 0 |a technologie 
830 0 |a Kurs technických znalostí.  |p Příruční učební texty 
910 |a BOA001  |b 1-0481.527 
964 |a Technologie 
990 |a BK 
996 6 |b 2610101631  |c 1-0481.527  |l MZK  |r Sklad / do 1 hodiny  |n 3  |p dar  |w 000343787  |u 000020  |a 1  |e BOA001  |j MZK50  |s P